[Event "YM"]
[Site "Winterthur SUI"]
[Date "2004.10.02"]
[Round "2"]
[White "Moor,O"]
[Black "Bucher,M"]
[Result "1-0"]
[WhiteElo "2388"]
[BlackElo "2213"]

1.d4 d5 2.c4 c6 3.Nf3 Nf6 4.Nc3 dxc4 5.a4 Bf5 6.Ne5 Nbd7 7.Nxc4 e6 8.g3 Bb4
9.Bg2 O-O 10.O-O Bg6 11.a5 Nd5 12.Qb3 Bxc3 13.bxc3 b5 14.Nd6 N7f6 15.Nb7 Qc7
16.Nc5 Nd7 17.Ba3 Nxc5 18.Bxc5 Rfe8 19.c4 bxc4 20.Qxc4 Nf6 21.Qa6 Ne4 22.Rfc1 e5
23.dxe5 Qxe5 24.Be3 Qb5 25.Rxc6 Qb3 26.Qc4 Qb2 27.Rc1 Rad8 28.Rxg6 hxg6 29.Bxe4 Re5
30.Bxg6 Rxa5 31.Bxf7+ Kf8 32.Bg6  1-0

[Event "FSGM October"]
[Site "Budapest HUN"]
[Date "2004.10.07"]
[Round "6"]
[White "Banusz,T"]
[Black "Erdos,V"]
[Result "1/2-1/2"]
[WhiteElo "2389"]
[BlackElo "2454"]

1.Nf3 d5 2.d4 Nf6 3.c4 c6 4.Nc3 dxc4 5.a4 Bf5 6.e3 e6 7.Bxc4 Bb4 8.O-O Nbd7
9.Qe2 Bg6 10.e4 O-O 11.Bd3 Bh5 12.e5 Nd5 13.Nxd5 cxd5 14.Qe3 Re8 15.Ne1 Bg6
16.Bxg6 hxg6 17.Nd3 Be7 18.Bd2 Rc8 19.Rfc1 Nb8 20.Rxc8 Qxc8 21.Rc1 Qd7 22.b3 b6
23.Bb4 Bxb4 24.Nxb4 a5 25.Na2 Rc8 26.Rc3 Nc6  1/2-1/2

[Event "Piloo Mody Open"]
[Site "Lucknow IND"]
[Date "2004.10.07"]
[Round "7"]
[White "Vakhidov,T"]
[Black "Sriram,J"]
[Result "1/2-1/2"]
[WhiteElo "2504"]
[BlackElo "2393"]

1.d4 d5 2.Nf3 Nf6 3.c4 c6 4.Nc3 dxc4 5.a4 Bf5 6.Ne5 Nbd7 7.Nxc4 Qc7 8.g3 e5
9.dxe5 Nxe5 10.Bf4 Nfd7 11.Nxe5 Nxe5 12.Bg2 Rd8 13.Qb3 Bd6 14.O-O O-O 15.Ne4 Bxe4
16.Bxe4 Ng4 17.Bg5 Be7 18.Bf4 Bd6 19.Bg5 Be7 20.Bf4  1/2-1/2

[Event "FSGM October"]
[Site "Budapest HUN"]
[Date "2004.10.11"]
[Round "10"]
[White "Hoang Thanh Trang"]
[Black "Erdos,V"]
[Result "1/2-1/2"]
[WhiteElo "2455"]
[BlackElo "2454"]

1.d4 d5 2.c4 c6 3.Nf3 Nf6 4.Nc3 dxc4 5.a4 Bf5 6.Ne5 Nbd7 7.Nxc4 Qc7 8.g3 e5
9.dxe5 Nxe5 10.Bf4 Nfd7 11.Bg2 g5 12.Ne3 gxf4 13.Nxf5 O-O-O 14.O-O fxg3 15.hxg3 h5
16.Ne4 Kb8 17.Qb3 a5 18.Rfd1 Bb4 19.Rac1 Nb6 20.Nf6 Rxd1+ 21.Rxd1 Qc8 22.Ng7 Ka7
23.Ngxh5 Qf5 24.Be4 Qh3  1/2-1/2

[Event "XI Bela Papp Mem"]
[Site "Torokbalint HUN"]
[Date "2004.10.24"]
[Round "9"]
[White "Paschall,W"]
[Black "Werner,Di"]
[Result "1/2-1/2"]
[WhiteElo "2394"]
[BlackElo "2301"]

1.d4 d5 2.c4 c6 3.Nf3 Nf6 4.Nc3 dxc4 5.a4 Bf5 6.e3 e6 7.Bxc4 Bb4 8.O-O O-O
9.Qb3 Qe7 10.Bd2 a5 11.Rfd1 Ne4 12.Nxe4 Bxe4 13.Bxb4 Qxb4 14.Qxb4 axb4  1/2-1/2

[Event "19th Open"]
[Site "Le Touquet FRA"]
[Date "2004.10.28"]
[Round "6"]
[White "Houdart,D"]
[Black "Kononenko,T"]
[Result "0-1"]
[WhiteElo "2236"]
[BlackElo "2305"]

1.Nf3 d5 2.d4 Nf6 3.c4 c6 4.Nc3 dxc4 5.a4 Bf5 6.e3 e6 7.Bxc4 Bb4 8.O-O Nbd7
9.Nh4 O-O 10.Nxf5 exf5 11.Qc2 g6 12.f3 Rc8 13.Qb3 Qb6 14.Na2 Bd6 15.Qxb6 Nxb6
16.Bb3 c5 17.a5 Nbd7 18.Nc3 cxd4 19.exd4 a6 20.Bg5 Kg7 21.Rfd1 h6 22.Bh4 Rfd8
23.Bg3 Nf8 24.Bxd6 Rxd6 25.Ra4 b5 26.axb6 Rxb6 27.Ra3 Rcb8 28.Bc4 Rxb2 29.Bxa6 Ne6
30.d5 Nf4 31.Bf1 R2b3 32.Rxb3 Rxb3 33.Ne2 N4xd5 34.Nd4 Rb2 35.Re1 f4 36.g3 fxg3
37.hxg3 Nh5 38.Ne2 f5 39.Kf2 Nc3 40.g4 Nf4 41.Ke3 Ncxe2 42.Rxe2 Nxe2 43.Bxe2 fxg4
44.fxg4 Kf6 45.Ba6 Kg5 46.Bc8 Rb3+ 47.Kf2 Kf4  0-1

[Event "19th Open"]
[Site "Le Touquet FRA"]
[Date "2004.10.31"]
[Round "9"]
[White "Ikonnikov,Vy"]
[Black "Kononenko,T"]
[Result "1/2-1/2"]
[WhiteElo "2559"]
[BlackElo "2305"]

1.d4 d5 2.c4 c6 3.Nf3 Nf6 4.Nc3 dxc4 5.a4 Bf5 6.e3 e6 7.Bxc4 Bb4 8.O-O Nbd7
9.Qe2 O-O 10.Rd1 Bg6 11.Bd2 Qe7 12.Be1 c5 13.Ne5 cxd4 14.Nxg6 hxg6 15.Rxd4 Nb6
16.Bb3 Rfd8 17.a5 Rxd4 18.exd4 Nbd5 19.a6 bxa6 20.Bxd5 Nxd5 21.Nxd5 exd5
22.Qxe7 Bxe7 23.Rxa6 Bf6 24.Bc3 Rc8 25.Kf1 Rc4 26.Rxa7 Bxd4 27.Bxd4 Rxd4
28.Ra8+ Kh7 29.Ke2 Rb4 30.Ra2 g5 31.Kd3 Kg6 32.Kc2 Re4 33.b3 Re2+ 34.Kb1 Re1+
35.Kb2 d4 36.b4 Re2+ 37.Kb3 d3 38.Ra6+ f6 39.b5 Rxf2 40.b6 d2 41.Ra1 Re2
42.Kc2 Re1 43.Rd1 Re6 44.Rb1 Re1  1/2-1/2

[Event "WYg14"]
[Site "Heraklio GRE"]
[Date "2004.11.06"]
[Round "4"]
[White "Harika,D"]
[Black "Tairova,E"]
[Result "1/2-1/2"]
[WhiteElo "2391"]
[BlackElo "2271"]

1.Nf3 d5 2.d4 Nf6 3.c4 c6 4.Nc3 dxc4 5.a4 Bf5 6.Nh4 Bd7 7.g3 e6 8.Bg2 c5
9.d5 exd5 10.Nxd5 Nc6 11.O-O Nxd5 12.Bxd5 Be7 13.Nf3 Bf6 14.Bxc4 O-O 15.Be3 b6
16.Qd2 Qe7 17.Bg5 Bxg5 18.Qxg5 Qxg5 19.Nxg5 Ne5 20.Bd5 Bc6 21.Rfd1 Rad8 22.Bxc6  1/2-1/2

[Event "Extraliga CZE 2004-5"]
[Site "Czech Rep CZE"]
[Date "2004.11.07"]
[Round "2"]
[White "Ftacnik,L"]
[Black "Cech,P"]
[Result "1-0"]
[WhiteElo "2533"]
[BlackElo "2403"]

1.Nf3 d5 2.d4 Nf6 3.c4 c6 4.Nc3 dxc4 5.a4 Bf5 6.Ne5 Nbd7 7.Nxc4 Qc7 8.g3 e5
9.dxe5 Nxe5 10.Bf4 Nfd7 11.Bg2 g5 12.Ne3 gxf4 13.Nxf5 O-O-O 14.O-O Nc5 15.Qc2 Ne6
16.Qe4 fxg3 17.hxg3 Nc5 18.Qc2 Ne6 19.Rad1 Rxd1 20.Rxd1 h5 21.Ne4 Kb8 22.Qc3 Ng6
23.Nf6 a5 24.Rd7 Bb4 25.Qe3 Bc5 26.Rxc7 Bxe3 27.Rxf7 Bc1 28.Nd6 Nd8 29.Rg7 Ne5
30.f4 Ng4 31.Nxg4 hxg4 32.b3 Ka7 33.Rxg4 Ne6 34.f5 Ng5 35.Kf2 Rd8 36.Rc4 Bb2
37.Ne4 Nf7 38.Rc2 Bd4+ 39.e3 Bb6 40.Rd2 Rh8 41.g4 Ne5 42.g5 Ng4+ 43.Kf3 Nxe3
44.f6 Nd5 45.g6 Nxf6 46.Nxf6 Rf8 47.Rd6 Bc5 48.Re6 Be7 49.g7  1-0

[Event "EuCh-Internet KO"]
[Site "playchess.com INT"]
[Date "2004.11.07"]
[Round "1.3"]
[White "Gelfand,B"]
[Black "Kobalia,M"]
[Result "1-0"]
[WhiteElo "2693"]
[BlackElo "2621"]

1.d4 d5 2.c4 c6 3.Nf3 Nf6 4.Nc3 dxc4 5.a4 Bf5 6.Ne5 Nbd7 7.Nxc4 Qc7 8.g3 e5
9.dxe5 Nxe5 10.Bf4 Nfd7 11.Bg2 g5 12.Bxe5 Nxe5 13.Qd4 f6 14.O-O-O Be6 15.Ne3 Bg7
16.f4 gxf4 17.gxf4 Nf7 18.Qe4 Qe7 19.Nf5 Bxf5 20.Qxf5 Nd6 21.Qh5+ Kf8 22.Rd3 Nc4
23.Ne4 Nxb2 24.Kxb2 Qb4+ 25.Kc1 Re8 26.Qc5+ Qxc5+ 27.Nxc5 Rxe2 28.Bf3 Rf2
29.Re1 Bh6 30.Rd8+  1-0

[Event "Open"]
[Site "Calcutta IND"]
[Date "2004.11.08"]
[Round "1"]
[White "Romanishin,O"]
[Black "Abu Sufian,S"]
[Result "1-0"]
[WhiteElo "2543"]
[BlackElo "2317"]

1.d4 d5 2.c4 c6 3.Nf3 Nf6 4.Nc3 dxc4 5.a4 Bf5 6.e3 e6 7.Bxc4 Bb4 8.O-O O-O
9.h3 Nbd7 10.Nh4 Qa5 11.Nxf5 exf5 12.Bd3 g6 13.Na2 Bd6 14.Bd2 Qd8 15.Nc3 Qe7
16.Qb3 Rab8 17.Rfd1 a6 18.a5 c5 19.Na4 Rfd8 20.Rac1 h5 21.Be1 h4 22.dxc5 Nxc5
23.Nxc5 Bxc5 24.Qc4 Ne4 25.Bxe4 Rxd1 26.Rxd1 fxe4 27.Bc3 Ba7 28.Rd5 Qe6 29.Qb3 Kh7
30.Qd1 Kh6 31.Re5  1-0

[Event "WYb12"]
[Site "Heraklio GRE"]
[Date "2004.11.10"]
[Round "7"]
[White "Shimanov,A"]
[Black "Krejci,Jan2"]
[Result "0-1"]
[WhiteElo "2234"]
[BlackElo "2043"]

1.d4 d5 2.c4 c6 3.Nf3 Nf6 4.Nc3 dxc4 5.a4 Bf5 6.e3 e6 7.Bxc4 Bb4 8.O-O O-O
9.Qe2 Ne4 10.Na2 Bd6 11.Rd1 Qe7 12.Nc3 Nd7 13.Bd3 Ndf6 14.Rb1 e5 15.dxe5 Bxe5
16.Nxe4 Bxe4 17.Nxe5 Qxe5 18.f3 Bxd3 19.Rxd3 Nd5 20.Qd1 f5 21.Qb3 Rab8 22.Bd2 Kh8
23.Qc4 Rbe8 24.b4 Nb6 25.Qc2 Rc8 26.Bc3 Qe7 27.Bd4 Rfd8 28.a5 Nd5 29.Bc5 Qh4
30.g3 Qh5 31.Rf1 b6 32.axb6 axb6 33.e4 fxe4 34.fxe4 bxc5 35.exd5 cxb4 36.dxc6 Rxd3
37.Qxd3 Qc5+ 38.Rf2 Qxc6 39.Rd2 h6 40.h4 Rb8 41.Rc2  0-1

[Event "WYg14"]
[Site "Heraklio GRE"]
[Date "2004.11.11"]
[Round "9"]
[White "Guramishvili,S"]
[Black "Darbinian,N"]
[Result "1/2-1/2"]
[WhiteElo "2132"]
[BlackElo "2015"]

1.d4 d5 2.c4 c6 3.Nf3 Nf6 4.Nc3 dxc4 5.a4 Bf5 6.e3 e6 7.Bxc4 Bb4 8.O-O O-O
9.Nh4 Bg4 10.f3 Bh5 11.g4 Nd5 12.Ng2 Bg6 13.Na2 Be7 14.e4 Nb6 15.Be2 c5 16.a5 Nc8
17.Qb3 Qxd4+ 18.Be3 Qd7 19.Nc3 Nc6 20.Bb5 Nd4 21.Qd1 Qc7 22.Bc4 Rd8 23.Qc1 Nd6
24.Ba2 Qxa5 25.Kh1 Qc7 26.Na4 N6b5 27.Qc4 Rac8 28.Rae1 Qa5 29.Bb1 Nd6 30.Qa2 Ne8
31.f4 b5 32.Nc3 Qxa2 33.Nxa2 f6 34.Nc3 a6 35.h3 Nc7 36.Rf2 Na8 37.Ba2 Bf7
38.f5 exf5 39.Nd5 Bd6 40.gxf5 Bg3 41.Ne7+ Kf8 42.Nxc8 Bxf2 43.Bxf2 Bxa2 44.Na7 Rd7
45.Ra1 Bc4 46.Rxa6 b4 47.Ra5 Nb3 48.Ra2  1/2-1/2

[Event "Open"]
[Site "Calcutta IND"]
[Date "2004.11.12"]
[Round "6"]
[White "Nguyen Anh Dung"]
[Black "Hossain,Enam"]
[Result "0-1"]
[WhiteElo "2567"]
[BlackElo "2413"]

1.d4 d5 2.c4 c6 3.Nf3 Nf6 4.Nc3 dxc4 5.a4 Bf5 6.Ne5 Nbd7 7.Nxc4 Qc7 8.g3 e5
9.dxe5 Nxe5 10.Bf4 Nfd7 11.Bg2 g5 12.Ne3 gxf4 13.Nxf5 O-O-O 14.Qc2 Nc5 15.O-O Ne6
16.Rad1 Bc5 17.Ne4 Bb4 18.Nf6 a5 19.Qe4 Ng6 20.Nd4 fxg3 21.hxg3 Nc5 22.Qg4+ Kb8
23.Nc2 Rxd1 24.Rxd1 Rd8 25.Rd4 Ne6 26.Rxd8+ Qxd8 27.Nxb4 axb4 28.Nxh7 Qd2
29.Qf5 Qxe2 30.Nf6 Qd1+ 31.Kh2 Qd8 32.Bh3 Qd4 33.b3 Ne7 34.Qe5+ Qxe5 35.Nd7+ Kc7
36.Nxe5 Nc5 37.Nxf7 Nxb3 38.Ne5 Nc5 39.a5 b3 40.Nc4 Nd3 41.Bf1 Nxf2 42.Kg2 Ne4
43.Kf3 Nd6 44.Nd2 b2 45.Ke3 Nef5+ 46.Kd3 Nxg3 47.Bg2 Ngf5 48.Bh3 c5 49.Nb1 Nd4
50.Kc3 Nc6  0-1

[Event "WYb14"]
[Site "Heraklio GRE"]
[Date "2004.11.13"]
[Round "11"]
[White "Utegaliev,A"]
[Black "Susilodinata,A"]
[Result "0-1"]
[WhiteElo "2213"]
[BlackElo "2255"]

1.d4 d5 2.c4 c6 3.Nc3 Nf6 4.Nf3 dxc4 5.a4 Bf5 6.Ne5 Nbd7 7.Nxc4 Nb6 8.e3 e6
9.Be2 Nxc4 10.Bxc4 Qc7 11.O-O Bd6 12.f4 g5 13.Qf3 gxf4 14.e4 Qb6 15.Qd3 Bg6
16.a5 Qc7 17.Qf3 Nh5 18.e5 Be7 19.a6 b6 20.Bb5 Rc8 21.Bc4 Rd8 22.Ne2 O-O
23.Qc3 c5 24.Bd3 Qd7 25.Bxg6 fxg6 26.Bxf4 cxd4 27.Qd3 Nxf4 28.Nxf4 Bg5 29.g3 Rf5
30.Rae1 Bh6 31.Re4 Bxf4 32.gxf4 g5 33.fxg5 Rxf1+ 34.Kxf1 Rf8+ 35.Ke2 Qf7
36.Kd2 Qf2+ 37.Qe2 Qg1 38.Rg4 Qb1 39.Rxd4 Qxb2+ 40.Ke3 Qc3+ 41.Ke4 Qc1 42.Rd2 Qc6+
43.Ke3 Qc5+ 44.Ke4 Rf5 45.Rd8+ Kg7 46.Qd2 Qxe5+ 47.Kd3 Rf3+ 48.Kc2 Qc5+ 49.Kb1 Rf1+
50.Ka2 Rf2  0-1

[Event "British Rapidplay"]
[Site "Halifax ENG"]
[Date "2004.11.14"]
[Round "7"]
[White "Arkell,K"]
[Black "Pert,N"]
[Result "1/2-1/2"]
[WhiteElo "2489"]
[BlackElo "2501"]

1.d4 d5 2.c4 c6 3.Nf3 Nf6 4.Nc3 dxc4 5.a4 Bf5 6.Nh4 e6 7.Nxf5 exf5 8.e3 Bb4
9.Bxc4 O-O 10.O-O Nbd7 11.Bd2 c5 12.Qf3 cxd4 13.exd4 Nb6 14.Bb3 Ne4 15.Bf4 Bxc3
16.bxc3 Rc8 17.Rfc1 Nd5 18.Be5 Ndxc3 19.Rc2 Qb6 20.Rb2 Qg6 21.Rc2 Qb6 22.Rb2 Qg6
23.Rc2  1/2-1/2

[Event "TCh-ISL 2004-5"]
[Site "Reykjavik ISL"]
[Date "2004.11.19"]
[Round "1"]
[White "Sigfusson,S"]
[Black "Bjornsson,G"]
[Result "1-0"]
[WhiteElo "2288"]
[BlackElo "2155"]

1.d4 d5 2.c4 c6 3.Nc3 dxc4 4.a4 Nf6 5.Nf3 Bf5 6.Ne5 e6 7.f3 Bb4 8.e4 Bxe4
9.fxe4 Nxe4 10.Bd2 Qxd4 11.Nxe4 Qxe4+ 12.Qe2 Bxd2+ 13.Kxd2 Qd5+ 14.Kc2 Na6
15.Nxc4 Nb4+ 16.Kb3 b5 17.Kxb4 bxc4 18.Qxc4 Rb8+ 19.Ka3 Qd6+ 20.b4 a5 21.Rb1 Rxb4
22.Rxb4 O-O 23.Kb3 axb4 24.Bd3 g6 25.Rd1 Rc8 26.g3 Qe5 27.Be4 Qh5 28.Rd2 Qe5
29.Qd4 Qb8 30.Rc2 Qb7 31.a5 Qa6 32.Qxb4 Qf1 33.Ka2 Rd8 34.Rxc6 Rd1 35.Qb8+ Kg7
36.Qe5+ Kh6 37.Qf4+ Qxf4 38.gxf4 Rd4 39.Bc2 Rd5 40.a6 e5 41.fxe5 Rxe5 42.Kb3 Ra5
43.Kb4  1-0

[Event "Lushki B"]
[Site "Serpukhov RUS"]
[Date "2004.11.19"]
[Round "1"]
[White "Golovchenko,G"]
[Black "Duisenova,M"]
[Result "1/2-1/2"]
[WhiteElo "2353"]
[BlackElo "2186"]

1.d4 d5 2.c4 c6 3.Nf3 Nf6 4.Nc3 dxc4 5.a4 Bf5 6.e3 e6 7.Bxc4 Bb4 8.O-O Nbd7
9.Nh4 Bg6 10.g3 O-O 11.f3 Qb6 12.Na2 Be7 13.Bd2 a5 14.Nxg6 hxg6 15.Bc3 Rfd8
16.Qe2 c5 17.Rfd1 cxd4 18.Bxd4 Bc5 19.Nc3 Bxd4 20.exd4 Rac8 21.b3 Nb8 22.Qf2 Qb4
23.Rac1 Nd5 24.Qe1 Nc6 25.Nb5 Qxe1+  1/2-1/2

[Event "ch-ROM w KO"]
[Site "Brasov ROM"]
[Date "2004.11.20"]
[Round "1.1"]
[White "Dragomirescu,An"]
[Black "Traistaru,T"]
[Result "1-0"]
[WhiteElo "2232"]
[BlackElo "2082"]

1.d4 d5 2.c4 c6 3.Nf3 Nf6 4.Nc3 dxc4 5.a4 Bf5 6.Ne5 Nbd7 7.Nxc4 e6 8.f3 Be7
9.e4 Bg6 10.Be2 O-O 11.O-O Qc7 12.Be3 Rad8 13.Qc1 Nb6 14.Bf4 Qc8 15.Nxb6 axb6
16.Rd1 Rd7 17.Be3 Rfd8 18.Bc4 Ne8 19.g4 Bf6 20.e5 Be7 21.Rd2 Nc7 22.Qd1 Qb8
23.f4 Bb4 24.Qf3 c5 25.Rad1 Qc8 26.f5 cxd4 27.fxg6 hxg6 28.Rxd4 Rxd4 29.Rxd4 Rxd4
30.Bxd4 Qd7 31.Bxb6 Na8 32.Bf2 Bxc3 33.bxc3 Qxa4 34.Qxb7 Qxc4 35.Qxa8+ Kh7
36.Qf3 Qb5 37.Bd4 Qb1+ 38.Kg2 Qc2+ 39.Kg3 Kg8 40.Qf2 Qd3+ 41.Qe3 Qf1 42.Bc5 Kh7
43.Qd2 Kg8 44.Bf2 Qb5 45.Qd4 Kh7 46.c4 Qb3+ 47.Be3 Qb8 48.g5 Kg8 49.c5 f6
50.gxf6 gxf6 51.Qd6 Qb3 52.Qd8+ Kh7 53.Qe7+ Kg8 54.Qe8+ Kg7 55.exf6+ Kxf6
56.Qf8+ Ke5 57.Qf4+ Kd5 58.Qd4+  1-0

[Event "Acropolis IM Open"]
[Site "Athens GRE"]
[Date "2004.11.21"]
[Round "6"]
[White "Delikanakis,N"]
[Black "Soultatis,K"]
[Result "0-1"]
[WhiteElo "2131"]
[BlackElo "2135"]

1.d4 d5 2.c4 c6 3.Nf3 Nf6 4.Nc3 dxc4 5.a4 Bf5 6.Ne5 Nbd7 7.Nxc4 Qc7 8.g3 e5
9.dxe5 Nxe5 10.Bf4 Nfd7 11.Bg2 f6 12.O-O Nc5 13.Nxe5 fxe5 14.Bg5 Be7 15.Bxe7 Qxe7
16.e4 Bg6 17.b4 Rd8 18.Qb1 Nd3 19.b5 Qc5 20.Qb3 Bf7 21.Nd5 Nxf2 22.Rxf2 cxd5
23.exd5 O-O 24.Rf1 Bg6 25.Qb2 Rxf2 26.Qxf2 Qxf2+ 27.Kxf2 Kf8 28.Rc1 Ke7 29.Ke3 Kd6
30.a5 Bf7 31.a6 b6 32.Rc6+ Ke7 33.Rc7+ Rd7 34.Rb7 Kd6 35.Bh3 Rc7 36.Be6 Be8
37.Ke4 Bg6+ 38.Bf5 Rc4+ 39.Ke3 Bxf5 40.Rxa7 Kxd5 41.Rb7 Re4+ 42.Kd2 Kc5 43.a7 Ra4
44.Re7 Kd6 45.Rxg7 Bd7 46.Rxh7 Rxa7 47.h4 Ra2+ 48.Ke3 Ra3+ 49.Kf2 Bxb5 50.g4 e4
51.Rh6+ Kc5 52.g5 e3+ 53.Ke1 Ra1+  0-1

[Event "XXI WJun Women"]
[Site "Kochin IND"]
[Date "2004.11.21"]
[Round "4"]
[White "Koneru,C"]
[Black "Nimmy,A"]
[Result "1-0"]
[WhiteElo "2107"]
[BlackElo "2063"]

1.d4 d5 2.c4 c6 3.Nf3 Nf6 4.Nc3 dxc4 5.a4 Bf5 6.e3 e6 7.Bxc4 Bb4 8.O-O O-O
9.Nh4 Bg4 10.f3 Bh5 11.g4 Bg6 12.e4 c5 13.g5 Nfd7 14.Nxg6 hxg6 15.Na2 Qb6
16.b3 Nc6 17.Nxb4 Nxb4 18.Be3 Rad8 19.dxc5 Nxc5 20.Qe2 Qc7 21.Rac1 b6 22.Kh1 Qe5
23.Bxc5 Qxc5 24.Bxe6 Qxg5 25.f4 Qe7 26.Bc4 Rd4 27.Rce1 Rfd8 28.Qg2 Qh4 29.f5 gxf5
30.Rg1 Qh6 31.exf5 Rd2 32.Qg3 Qc6+ 33.Rg2 Qxg2+ 34.Qxg2 Rxg2 35.Kxg2 Kf8
36.Bb5 Nd3 37.Re3 Nf4+ 38.Kf3 Nd5 39.Rd3 Ke7 40.Bc4 Nc7 41.Rxd8 Kxd8 42.Bxf7 Ke7
43.Bc4 Kf6 44.Ke4 a6 45.Bd3 a5 46.h3 Kf7 47.Ke5 Ke7 48.Bb5 Kf7 49.Kd6 Nxb5+
50.axb5 Kf6 51.Kc6 Kxf5 52.Kxb6 Kg5 53.Kxa5 Kh4 54.b6 Kxh3 55.b7 g5 56.b8=Q g4  1-0

[Event "XXI WJun Women"]
[Site "Kochin IND"]
[Date "2004.11.22"]
[Round "6"]
[White "Sivasankari,P"]
[Black "Nimmy,A"]
[Result "0-1"]
[WhiteElo "2112"]
[BlackElo "2063"]

1.d4 d5 2.c4 c6 3.Nf3 Nf6 4.Nc3 dxc4 5.a4 Bf5 6.e3 e6 7.Bxc4 Bb4 8.O-O Nbd7
9.Qe2 Bg6 10.Bd3 Bh5 11.h3 Qe7 12.Qd1 e5 13.Be2 e4 14.Nd2 Bxe2 15.Qxe2 O-O
16.f3 exf3 17.Qxf3 Rae8 18.Re1 c5 19.Re2 b6 20.Nb3 Qe6 21.Nd2 a6 22.d5 Qe7
23.Nc4 Bxc3 24.bxc3 Ne5 25.Nxe5 Qxe5 26.Rd2 Qxc3 27.Rda2 Qd3 28.Rd2 Qxe3+
29.Qxe3 Rxe3 30.Rb2 Re1+ 31.Kf2 Rd1 32.Rxb6 Nxd5 33.Rb7 Nb4 34.Ke2 Rd5 35.Bf4 Re8+
36.Kf3 Rd3+ 37.Kf2 h6 38.Kg1 Rd4 39.Rf1 Nd5 40.Bd6 Nf6 41.Bxc5 Rxa4 42.Bb4 Ra2
43.Bc3 Ree2 44.Rf3 Rxg2+ 45.Kf1 Rgc2 46.Rb8+ Kh7 47.Rb7 Rc1+ 48.Be1 Ne4 49.Rd7 Nd2+
50.Rxd2 Rxd2 51.Rxf7 Rdd1 52.Re7 Rxe1+ 53.Rxe1 Rxe1+ 54.Kxe1 Kg6  0-1

[Event "17th Belgrade Trophy"]
[Site "Obrenovac SCG"]
[Date "2004.11.22"]
[Round "1"]
[White "Urosevic,M"]
[Black "Jovanovic,Zo1"]
[Result "1/2-1/2"]
[WhiteElo "2070"]
[BlackElo "2389"]

1.d4 d5 2.Nf3 Nf6 3.c4 c6 4.Nc3 dxc4 5.a4 Bf5 6.e3 e6 7.Bxc4 Bb4 8.O-O O-O
9.Nh4 Bg4 10.f3 Bh5 11.g4 Nd5 12.Ng2 Bg6 13.Bd2 c5 14.dxc5 Bxc5 15.Kh1 Nb6
16.Be2 Bd3 17.Nf4 Bxe2 18.Qxe2 Re8 19.Ne4 Bf8 20.Rfd1 Nd5 21.Bc3 Nc6 22.Nxd5 exd5
23.Qb5 Qc7 24.Qxd5 Re6 25.Qd7 Re7 26.Qxc7 Rxc7 27.Kg2 Nd8 28.Rd2 f6 29.Rad1 Be7
30.Rd7 Rac8 31.Ng3 Ne6 32.Nf5 Bf8 33.a5 Nc5 34.Rxc7 Rxc7 35.Rd8 Kf7 36.Rd1  1/2-1/2

[Event "Lushki B"]
[Site "Serpukhov RUS"]
[Date "2004.11.23"]
[Round "7"]
[White "Khudaverdieva,A"]
[Black "Nebolsina,V"]
[Result "0-1"]
[WhiteElo "2086"]
[BlackElo "2218"]

1.d4 d5 2.c4 c6 3.Nf3 Nf6 4.Nc3 dxc4 5.a4 Bf5 6.e3 e6 7.Bxc4 Bb4 8.O-O O-O
9.Nh4 Bg4 10.f3 Bh5 11.g4 Nd5 12.Ng2 Bg6 13.Qb3 a5 14.e4 Nb6 15.Be3 Nxc4
16.Qxc4 Qe7 17.Nf4 Nd7 18.Nxg6 hxg6 19.Rad1 Bd6 20.Rd2 Bc7 21.Rg2 Qb4 22.Qd3 Rfd8
23.h4 Ne5 24.Qc2 Bb6 25.Ne2 Nc4 26.Bc1 e5 27.Kh1 exd4 28.Rd1 d3 29.Rxd3 Rxd3
30.Qxd3 Qe1+  0-1

[Event "Acropolis IM Open"]
[Site "Athens GRE"]
[Date "2004.11.24"]
[Round "9"]
[White "Stavrianakis,I"]
[Black "Kokolias,K"]
[Result "1/2-1/2"]
[WhiteElo "2045"]
[BlackElo "2172"]

1.d4 d5 2.c4 c6 3.Nf3 Nf6 4.Nc3 dxc4 5.a4 Bf5 6.e3 e6 7.Bxc4 Bb4 8.O-O O-O
9.h3 Nbd7 10.Qe2 Ne4 11.Bd2 Qe7 12.Nxe4 Bxe4 13.Bc3 a5 14.Nd2 Bg6 15.f4 Nb6
16.e4 Nxc4 17.Qxc4 f6 18.Rae1 Bd6 19.e5 fxe5 20.dxe5 Bc5+ 21.Kh2 Rad8 22.Ne4 Bxe4
23.Qxe4 Bb6 24.f5 exf5 25.Rxf5 Rxf5 26.Qxf5 Bc7 27.Kh1 Rf8 28.Qg4 Qf7 29.Rd1 Rd8  1/2-1/2

[Event "17th Belgrade Trophy"]
[Site "Obrenovac SCG"]
[Date "2004.11.24"]
[Round "3"]
[White "Rajkovic,Du"]
[Black "Predojevic,B"]
[Result "1/2-1/2"]
[WhiteElo "2430"]
[BlackElo "2509"]

1.d4 d5 2.c4 c6 3.Nf3 Nf6 4.Nc3 dxc4 5.a4 Bf5 6.Nh4 e6 7.Nxf5 exf5 8.e3 Bb4
9.Bxc4 O-O 10.Qc2 g6 11.O-O Nbd7 12.f3 Rc8 13.Kh1 c5 14.Ba2 Nh5 15.Qf2 cxd4
16.exd4 Re8 17.Nd5 Bd6 18.g4 Ng7 19.a5 h5 20.Bb3 hxg4 21.fxg4 Re4 22.Bf4 Bxf4
23.Nxf4 Nf6 24.gxf5 gxf5 25.Qg3 Ng4 26.h3 Re3 27.Rf3 Rxf3 28.Qxf3 Qh4 29.Ng2 Qh6
30.Kg1 Rc1+ 31.Rxc1 Qxc1+ 32.Qd1 Qxd1+ 33.Bxd1 Nf6 34.Bf3  1/2-1/2

[Event "17th Belgrade Trophy"]
[Site "Obrenovac SCG"]
[Date "2004.11.24"]
[Round "3"]
[White "Irizanin,R"]
[Black "Jovanovic,Zo1"]
[Result "1-0"]
[WhiteElo "2240"]
[BlackElo "2389"]

1.d4 d5 2.Nf3 Nf6 3.c4 c6 4.Nc3 dxc4 5.a4 Bf5 6.e3 e6 7.Bxc4 Bb4 8.O-O Nbd7
9.Qe2 Bg6 10.e4 O-O 11.Bd3 Bh5 12.Bf4 Re8 13.e5 Nd5 14.Nxd5 exd5 15.h3 Nf8
16.g4 Bg6 17.Bg3 Ne6 18.Rad1 a6 19.h4 c5 20.h5 Bxd3 21.Qxd3 cxd4 22.Nxd4 Nc5
23.Qe3 Ne4 24.Kg2 Qa5 25.Nf5 h6 26.Bf4 Bf8 27.Qd4 Rad8 28.f3 Bc5 29.b4 Qxa4
30.bxc5 Qxd4 31.Nxd4 Nxc5 32.Bg3 g6 33.hxg6 fxg6 34.Rh1 Kh7 35.Bf4 h5 36.gxh5 g5
37.Bxg5 Rg8 38.f4 Ne4 39.Kf3 Rc8 40.Rc1 Rxc1 41.Rxc1 Nxg5+ 42.fxg5 Rxg5 43.Kf4 Rxh5
44.e6 Kg6 45.e7 Kf7 46.Re1 Rh4+ 47.Ke5 Rh6 48.Kxd5 Rh5+ 49.Kd6  1-0

[Event "Petrosian Mem Open"]
[Site "Yerevan ARM"]
[Date "2004.11.26"]
[Round "8"]
[White "Galoyan,Le"]
[Black "Mchedlishvili,M"]
[Result "0-1"]
[WhiteElo "2258"]
[BlackElo "2504"]

1.d4 d5 2.c4 c6 3.Nc3 Nf6 4.Nf3 dxc4 5.a4 Bf5 6.e3 e6 7.Bxc4 Bb4 8.O-O Nbd7
9.Qe2 Bg6 10.Rd1 O-O 11.Na2 Bd6 12.b3 Qe7 13.Bb2 Bh5 14.Qc2 e5 15.Be2 e4
16.Ne1 Bxe2 17.Qxe2 Nd5 18.Nc3 f5 19.Nxd5 cxd5 20.g3 g5 21.f4 gxf4 22.exf4 Kh8
23.Ng2 Rg8 24.Rac1 Nf6 25.Kf1 Ng4 26.Ne3 Qf7 27.Rc5 Nxe3+ 28.Qxe3 h5 29.Rc2 h4
30.Rdd2 Qh5 31.Rg2 Qd1+ 32.Qe1 Qf3+ 33.Kg1 Rg7 34.Rc3 Qh5 35.Qe2 Qxe2 36.Rxe2 hxg3
37.hxg3 Bxf4 38.Kh2 Bd6 39.Bc1 Rag8 40.Rg2 f4  0-1

[Event "ch-VIE w"]
[Site "Ha Long City VIE"]
[Date "2004.11.28"]
[Round "3"]
[White "Tran Thi Kim Loan"]
[Black "Le Thi Phuong Lien"]
[Result "1-0"]
[WhiteElo "2159"]
[BlackElo "2249"]

1.d4 d5 2.c4 c6 3.Nf3 Nf6 4.Nc3 dxc4 5.a4 Bf5 6.e3 e6 7.Bxc4 Bb4 8.O-O O-O
9.Nh4 Nbd7 10.Nxf5 exf5 11.Qc2 g6 12.Rd1 Nb6 13.Bb3 a5 14.Bd2 Re8 15.Re1 Qd6
16.h3 Rad8 17.Rad1 Ne4 18.Nxe4 fxe4 19.Bxb4 Qxb4 20.Qc3 Ra8 21.Ra1 Qe7 22.Rec1 Nd7
23.Qd2 Red8 24.Qe2 c5 25.Rc3 b6 26.Rac1 Rab8 27.f3 Kg7 28.Rf1 Rf8 29.Rcc1 Rbe8
30.Qb5 Qd6 31.Rcd1 exf3 32.Rxf3 Re7 33.Kh1 cxd4 34.exd4 Nf6 35.Rdf1 Ne4 36.Qd3 Ng5
37.Rf6 Qc7 38.d5 Rd7 39.Qd4 Kg8 40.d6 Qc5 41.Qf4 h6 42.h4 Nh7 43.Rxg6+ Kh8
44.Rxh6 f6 45.Rd1 Kg7 46.Qg4+ Kxh6 47.Qxd7 Qb4 48.Qh3 f5 49.Rf1 Qxd6 50.Rxf5 Qd4
51.Rxf8 Nxf8 52.Qg3 Ng6 53.Qg5+ Kh7 54.Bc2  1-0

[Event "17th Belgrade Trophy"]
[Site "Obrenovac SCG"]
[Date "2004.11.28"]
[Round "7"]
[White "Vojinovic,G"]
[Black "Tadic,B"]
[Result "0-1"]
[WhiteElo "2447"]
[BlackElo "2474"]

1.d4 d5 2.Nf3 Nf6 3.c4 c6 4.Nc3 dxc4 5.a4 Bf5 6.e3 e6 7.Bxc4 Bb4 8.O-O O-O
9.Nh4 Nbd7 10.f3 Qb6 11.e4 Bg6 12.Nxg6 hxg6 13.Kh1 Rad8 14.Be3 e5 15.Ba2 exd4
16.Bxd4 Bc5 17.Bxc5 Nxc5 18.Qe2 Qb4 19.e5 Rfe8 20.f4 Nfe4 21.f5 Rxe5 22.fxg6 Ng3+
23.hxg3 Rxe2 24.gxf7+ Kf8 25.Nxe2 Rd6  0-1

[Event "Lushki B"]
[Site "Serpukhov RUS"]
[Date "2004.11.28"]
[Round "14"]
[White "Papenin,N"]
[Black "Nebolsina,V"]
[Result "1-0"]
[WhiteElo "2391"]
[BlackElo "2218"]

1.d4 d5 2.c4 c6 3.Nf3 Nf6 4.Nc3 dxc4 5.a4 Bf5 6.e3 e6 7.Bxc4 Bb4 8.O-O O-O
9.Qe2 Nbd7 10.Ne5 Qa5 11.e4 Bg6 12.Nxg6 hxg6 13.e5 Nd5 14.Nxd5 cxd5 15.Bb5 Nb6
16.h4 Nc4 17.Rd1 Be7 18.b3 Qc3 19.Qa2 a6 20.Bxc4 dxc4 21.bxc4 Rac8 22.c5 Bxh4
23.Qb2 Qxb2 24.Bxb2 Bd8 25.Ba3 Ba5 26.Rab1 Rfd8 27.Kf1 Bc3 28.Rd3 Ba5 29.Rxb7 Rb8
30.Ra7 Rb1+ 31.Ke2 Re1+ 32.Kf3 Rxe5 33.Rxa6 Be1 34.dxe5 Rxd3+ 35.Ke2 Rxa3
36.Ra8+ Kh7 37.Kxe1 Rc3 38.Ra5 Rc2 39.Rb5  1-0

[Event "17th Belgrade Trophy"]
[Site "Obrenovac SCG"]
[Date "2004.11.29"]
[Round "8"]
[White "Lapcevic,M"]
[Black "Sajic,V"]
[Result "1-0"]
[WhiteElo "2212"]
[BlackElo "2117"]

1.d4 d5 2.c4 c6 3.Nf3 Nf6 4.Nc3 dxc4 5.a4 Bf5 6.Ne5 Nbd7 7.Nxc4 e6 8.g3 Bb4
9.Bg2 O-O 10.O-O Nb6 11.Ne5 Nfd7 12.e4 Nxe5 13.exf5 Nec4 14.fxe6 fxe6 15.Ne4 Qd7
16.b3 Nd6 17.Nc5 Qe7 18.Bd2 Bxd2 19.Qxd2 Nd7 20.Rfe1 Nxc5 21.dxc5 Nf5 22.Re5 Rad8
23.Qc3 Qf6 24.f4 Nd4 25.Rae1 Rd7 26.Qc4 Rfd8 27.Kh1 Kf8 28.b4 a6 29.g4 g6
30.h3 Kg7 31.R1e4 Rd5 32.g5 Qf7 33.Rxd5 Rxd5 34.Rxd4 Rf5 35.Qd3 Kg8 36.Rd8+  1-0

[Event "Lushki B"]
[Site "Serpukhov RUS"]
[Date "2004.11.29"]
[Round "16"]
[White "Papenin,N"]
[Black "Duisenova,M"]
[Result "1/2-1/2"]
[WhiteElo "2391"]
[BlackElo "2186"]

1.d4 d5 2.c4 c6 3.Nf3 Nf6 4.Nc3 dxc4 5.a4 Bf5 6.Nh4 Bd7 7.g3 e6 8.Nf3 c5
9.d5 exd5 10.Nxd5 Nc6 11.Bg5 Be7 12.Nxe7 Qxe7 13.Bg2 Be6 14.O-O O-O 15.Qc1 h6
16.Bh4 Nd4 17.Nxd4 cxd4 18.Ra3 Bg4 19.Bxf6 Qxf6 20.Qxc4 Rac8 21.Qd3  1/2-1/2